Normal view MARC view
  • Masculinidad

Entry Materia

Number of records used in: 2

001 - NÚMERO DE CONTROL DEL REGISTRO

  • campo de control: 52048

003 - IDENTIFICADOR DE NUMERO DE CONTROL

  • campo de control: MX-MxUPN

005 - FECHA Y HORA DE LA ÚLTIMA TRANSACCIÓN

  • campo de control: 20240524095041.0

008 - DATOS DE LONGITUD FIJA

  • campo de control de longitud fija: 240524|| acn||babn | a|a d

040 ## - FUENTE DE LA CATALOGACIÓN

  • Centro catalogador de origen: MX-MxUPN
  • Lengua de catalogación: spa

150 ## - ENCABEZAMIENTO - TEMÁTICO

  • Término de materia o nombre geográfico como elemento inicial: Masculinidad
  • Subdivisión de forma: Estudio de casos

670 ## - FUENTE EN LA QUE SE LOCALIZARON DATOS

  • Información localizada: Autoridades BGTQ, 24 mayo 2024 :
  • Identificador Uniforme del Recurso: encabezamiento (Masculinidad)

670 ## - FUENTE EN LA QUE SE LOCALIZARON DATOS

  • Cita de la fuente: Escamilla González. Lista de encabezamientos de materia, 1978 :
  • Información localizada: página 331 (Estudio de casos)

670 ## - FUENTE EN LA QUE SE LOCALIZARON DATOS

  • Cita de la fuente: Autoridades LIBRUNAM, 24 mayo 2024 :
  • Información localizada: (Masculinidad -- Estudio de casos)

902 ## - CATALOGADOR

  • Catalogador: MaríaRobles/240524